[Event "Global Chess League 2023"]
[Site "Dubai UAE"]
[Date "2023.06.29"]
[Round "8.1"]
[White "Nepomniachtchi, Ian"]
[Black "Anand, Viswanathan"]
[Result "1/2-1/2"]
[WhiteTitle "GM"]
[BlackTitle "GM"]
[WhiteElo "2779"]
[BlackElo "2754"]
[WhiteTeam "Balan Alaskan knights"]
[BlackTeam "Ganges grandmasters"]
[WhiteFideId "4168119"]
[BlackFideId "5000017"]
[EventDate "2023.06.22"]

1. e4 c6 2. d4 d5 3. Nc3 dxe4 4. Nxe4 Bf5 5. Ng3 Bg6 6. h4 h6 7. Nf3 e6 8. Bd3
Bxd3 9. Qxd3 Nf6 10. Bf4 Bd6 11. Bxd6 Qxd6 12. O-O-O Nbd7 13. Qe2 O-O 14. Kb1
Rad8 15. Rd3 Qc7 16. Rhd1 c5 17. dxc5 Nxc5 18. Rxd8 Rxd8 19. Rxd8+ Qxd8 20. a3
Qd5 21. Nf1 Nce4 22. Ne3 Qc5 23. Nd2 Qd4 24. Nb3 Qd6 25. f3 Ng3 26. Qc4 Qe5 27.
Qd4 Qxd4 28. Nxd4 Kf8 29. c4 Ke7 30. c5 Ne8 31. Kc2 Nh5 32. b4 Nf4 33. g3 Nh5
34. g4 Nf4 35. Nc4 Kd8 36. Nb5 Ng2 37. Nxa7 Nxh4 38. c6 bxc6 39. Nxc6+ Kc7 40.
Nd4 Nd6 41. Ne5 f6 42. Nxe6+ Kb7 43. Nd3 Nxf3 44. Nxg7 Nd4+ 45. Kb2 f5 46. gxf5
N4xf5 47. Nh5 Kc6 48. a4 Kd5 49. Nhf4+ Kc4 50. Ka3 h5 51. Nb2+ Kc3 52. b5 Ne3
53. Ne2+ Kd2 54. Nf4 Kc3 55. Ne2+ Kd2 56. Nf4 1/2-1/2

[Event "Global Chess League 2023"]
[Site "Dubai UAE"]
[Date "2023.06.29"]
[Round "8.2"]
[White "Abdusattorov, Nodirbek"]
[Black "Rapport, Richard"]
[Result "1-0"]
[WhiteTitle "GM"]
[BlackTitle "GM"]
[WhiteElo "2732"]
[BlackElo "2752"]
[WhiteTeam "Balan Alaskan knights"]
[BlackTeam "Ganges grandmasters"]
[WhiteFideId "14204118"]
[BlackFideId "738590"]
[EventDate "2023.06.22"]

1. e4 c5 2. Nf3 d6 3. d4 cxd4 4. Qxd4 Nf6 5. Be2 g6 6. O-O Bg7 7. h3 O-O 8. Qe3
Nbd7 9. c4 Qb6 10. Nc3 Nc5 11. Rd1 Bd7 12. Nd4 Na4 13. Nxa4 Bxa4 14. b3 Bd7 15.
Bb2 Rfc8 16. e5 dxe5 17. Qxe5 e6 18. Qe3 Be8 19. Bf3 Nd7 20. Rd2 Ne5 21. Be4 f5
22. Nxe6 Qxe3 23. fxe3 fxe4 24. Nxg7 Nd3 25. Ne6 Bc6 26. Ba3 a5 27. Nd4 Bd7 28.
Rc2 b5 29. cxb5 Rxc2 30. Nxc2 Bxb5 31. Nd4 Be8 32. Bd6 Bf7 33. Kh2 h5 34. Kg3
Ra6 35. Be7 Ra7 36. Bf6 Ra6 37. Bg5 Ra8 38. Rf1 a4 39. Rf6 a3 40. Rf1 Nb4 41.
Rf2 Ra5 42. h4 Ra8 43. Rd2 Nd3 44. Be7 Ra7 45. Bd6 Ra6 46. Be7 Ra7 47. Bg5 Be8
48. Rc2 Nb4 49. Rd2 Nd3 50. Nc2 Kf7 51. Bd8 Ke6 52. Nd4+ Kd7 53. Bg5 Rc7 54. Nb5
Rc1 55. Nxa3 Ke6 56. Nc2 Bd7 57. Nd4+ Ke5 58. Ne2 Rc8 59. Bh6 Bf5 60. Bg7+ Kd5
61. Nc3+ Ke6 62. Rd1 Rg8 63. Bh6 Rc8 64. Ne2 Kf7 65. Nd4 Ra8 66. a4 Ra5 67. Rd2
Rc5 68. Ra2 Nb4 69. Ra1 Bc8 70. a5 Ba6 71. Bf8 Nc2 72. Bxc5 Nxa1 73. Kf4 1-0

[Event "Global Chess League 2023"]
[Site "Dubai UAE"]
[Date "2023.06.29"]
[Round "8.3"]
[White "Radjabov, Teimour"]
[Black "Dominguez Perez, Leinier"]
[Result "1/2-1/2"]
[WhiteTitle "GM"]
[BlackTitle "GM"]
[WhiteElo "2747"]
[BlackElo "2739"]
[WhiteTeam "Balan Alaskan knights"]
[BlackTeam "Ganges grandmasters"]
[WhiteFideId "13400924"]
[BlackFideId "3503240"]
[EventDate "2023.06.22"]

1. d4 Nf6 2. c4 e6 3. Nf3 d5 4. Nc3 c5 5. cxd5 cxd4 6. Qxd4 exd5 7. e4 dxe4 8.
Qxd8+ Kxd8 9. Ng5 Be6 10. Nxe6+ fxe6 11. Bg5 Nc6 12. Bc4 Ke7 13. Nxe4 Kf7 14.
Bxf6 gxf6 15. O-O-O Rd8 16. Rxd8 Nxd8 17. Rd1 Be7 18. Rd7 f5 19. Nd6+ Kf6 20.
Nxb7 Nxb7 21. Rxb7 Bc5 22. f3 h5 23. Rc7 Bg1 24. Rc6 Bxh2 25. Rxe6+ Kg5 26. Kc2
Rc8 27. b3 Rc7 28. a4 h4 29. a5 Kf4 30. Kd3 Rg7 31. Rh6 Kg5 32. Rh8 Rd7+ 33. Ke2
Re7+ 34. Kd3 Rd7+ 35. Ke2 Re7+ 36. Kd3 1/2-1/2

[Event "Global Chess League 2023"]
[Site "Dubai UAE"]
[Date "2023.06.29"]
[Round "8.4"]
[White "Tan, Zhongyi"]
[Black "Hou, Yifan"]
[Result "1/2-1/2"]
[WhiteTitle "GM"]
[BlackTitle "GM"]
[WhiteElo "2523"]
[BlackElo "2628"]
[WhiteTeam "Balan Alaskan knights"]
[BlackTeam "Ganges grandmasters"]
[WhiteFideId "8603642"]
[BlackFideId "8602980"]
[EventDate "2023.06.22"]

1. d4 Nf6 2. c4 e6 3. Nf3 b6 4. a3 Bb7 5. Bf4 Be7 6. Nc3 d5 7. cxd5 Nxd5 8. Nxd5
Bxd5 9. e3 O-O 10. Bd3 c5 11. dxc5 Nd7 12. c6 Bxc6 13. Bxh7+ Kxh7 14. Qc2+ Kg8
15. Qxc6 Nc5 16. Rd1 Nd3+ 17. Kf1 Rc8 18. Qe4 Nc5 19. Qb1 Qe8 20. h4 Qb5+ 21.
Kg1 Rfd8 22. Nd4 Qe8 23. Bg3 Bf6 24. Kh2 Qa4 25. b4 Bxd4 26. Rxd4 Rxd4 27. exd4
Nd7 28. Rc1 Rxc1 29. Qxc1 Nf6 30. f3 Qd7 31. Be5 Nd5 32. Qc4 Qd8 33. Kh3 Ne3 34.
Qd3 Nf5 35. Qe4 f6 36. Bc7 Qd7 37. Qa8+ Kh7 38. Bg3 Nxd4 39. Kh2 Nf5 40. Qe4 Kg8
41. Qa8+ Kf7 42. Qe4 b5 43. Bf2 Qc7+ 44. Kh3 a6 45. g4 Nd6 46. Qa8 Qb7 47. Qxb7+
Nxb7 48. Kg3 Nd6 49. Be3 Nc4 50. Bc1 f5 51. h5 e5 52. gxf5 Ke7 53. Kg4 Kf6 54.
Bg5+ Kf7 55. Bc1 Kf6 56. Bg5+ Kf7 57. Bc1 1/2-1/2

[Event "Global Chess League 2023"]
[Site "Dubai UAE"]
[Date "2023.06.29"]
[Round "8.5"]
[White "Batsiashvili, Nino"]
[Black "Khotenashvili, Bella"]
[Result "1/2-1/2"]
[WhiteTitle "GM"]
[BlackTitle "GM"]
[WhiteElo "2470"]
[BlackElo "2470"]
[WhiteTeam "Balan Alaskan knights"]
[BlackTeam "Ganges grandmasters"]
[WhiteFideId "13602993"]
[BlackFideId "13602640"]
[EventDate "2023.06.22"]

1. d4 Nf6 2. c4 c5 3. d5 d6 4. Nc3 e6 5. e4 exd5 6. exd5 Be7 7. h3 O-O 8. Nf3
Bf5 9. Nh4 Bg6 10. Nxg6 hxg6 11. Be2 Re8 12. h4 Nh7 13. h5 g5 14. Kf1 Nd7 15.
Bd3 Ndf8 16. Ne4 Bf6 17. Ng3 Be5 18. Nf5 Qf6 19. Rb1 a6 20. Be3 b5 21. b3 bxc4
22. bxc4 Rab8 23. Rb3 a5 24. Rh3 Rb4 25. Rf3 Qd8 26. Bd2 Rxb3 27. axb3 Bf6 28.
Re3 Rxe3 29. Nxe3 Bd4 30. Nf5 Be5 31. Qe1 g4 32. Qe2 Nf6 33. h6 g6 34. Ne3 g3
35. fxg3 Bxg3 36. Qf3 Be5 37. g4 N6d7 38. Ng2 Nh7 39. g5 Nxg5 40. Bxg5 Qxg5 41.
h7+ Kf8 42. Qh3 Qf6+ 43. Ke2 Ke7 44. Ne3 Qh8 45. Ng4 Nf8 46. Qh4+ Kd7 47. Qh3 f5
48. Ne3 Qxh7 49. Qxh7+ Nxh7 50. Nxf5 Nf6 51. Nh4 g5 52. Nf3 Bf4 53. Bf5+ Ke7 54.
Ne1 Nh5 55. Kf3 Kf6 56. Bg4 Ng7 57. Nd3 Nf5 58. Ke4 Nd4 59. Bd1 Bg3 60. Nb2 g4
61. Bxg4 Nxb3 62. Na4 Be5 63. Nb6 Kg5 64. Bd1 Nd2+ 65. Kd3 Nf1 66. Ke4 Ng3+ 67.
Kf3 Nf5 68. Nd7 Bc3 69. Ke4 Ng3+ 70. Kd3 Bb4 71. Ba4 Kf4 72. Nf8 Kf5 73. Bd7+
Kf6 74. Ba4 Nf5 75. Nd7+ Kg5 76. Ke4 Ng3+ 77. Kd3 Nh5 78. Nb6 Kf5 79. Nc8 Ke5
80. Ne7 Nf4+ 81. Ke3 Bc3 82. Nc6+ Kf5 83. Bc2+ Kg5 84. Ke4 Ng6 85. Na7 Kf6 86.
Nb5 Be5 87. Na7 Nf8 88. Ba4 Nh7 89. Kd3 Bg3 90. Nc6 Be1 91. Nb8 Ng5 92. Nd7+ Kf5
93. Bc2 Bb4 94. Ke3+ Kg4 95. Nf6+ Kg3 96. Ne8 Nf7 97. Ke4 Kg4 98. Ba4 Kg5 99.
Bb5 Be1 100. Nc7 Bg3 101. Na8 Kf6 102. Nb6 Ng5+ 103. Ke3 Be1 104. Nd7+ Kf5 105.
Nb8 Ke5 106. Nc6+ Kf6 107. Ba4 Nh7 108. Ke2 Bb4 109. Ke3 Nf8 110. Ke4 Ng6 111.
Bd1 Nh4 112. Ba4 Nf5 113. Nb8 Ng3+ 114. Kf3 Nf5 1/2-1/2

[Event "Global Chess League 2023"]
[Site "Dubai UAE"]
[Date "2023.06.29"]
[Round "8.6"]
[White "Sadhwani, Raunak"]
[Black "Esipenko, Andrey"]
[Result "0-1"]
[WhiteTitle "GM"]
[BlackTitle "GM"]
[WhiteElo "2603"]
[BlackElo "2682"]
[WhiteTeam "Balan Alaskan knights"]
[BlackTeam "Ganges grandmasters"]
[WhiteFideId "35093487"]
[BlackFideId "24175439"]
[EventDate "2023.06.22"]

1. d4 Nf6 2. c4 e6 3. Nc3 d5 4. cxd5 exd5 5. Bg5 c6 6. e3 h6 7. Bh4 Be7 8. Bd3
O-O 9. Qc2 Re8 10. Nge2 a5 11. h3 Na6 12. a3 Ne4 13. Bxe7 Qxe7 14. Bxe4 dxe4 15.
d5 Nc5 16. O-O Nd3 17. Ng3 f5 18. Rfd1 Qe5 19. dxc6 bxc6 20. Nce2 c5 21. Nf4
Nxf4 22. exf4 Qxf4 23. Qc4+ Kh7 24. Qc3 Qg5 25. Re1 Rb8 26. Kh2 Qf4 27. Kg1 Qg5
28. Kh2 c4 29. Re2 Qg6 30. Rae1 Bb7 31. Qd2 c3 32. Qf4 Ba6 33. Rc2 cxb2 34. Rb1
Qf6 35. Qxf5+ Qxf5 36. Nxf5 Bd3 37. Rbxb2 Bxc2 38. Rxc2 Rec8 39. Re2 Rc4 40. Rd2
Rc7 41. h4 Rb3 42. h5 Rxa3 43. Rd8 g6 44. hxg6+ Kxg6 45. Ne3 Ra2 46. Kg3 Ra7 47.
Rd6+ Kh7 48. Nf5 a4 49. Rxh6+ Kg8 50. Rg6+ Kf8 51. Rh6 Ra5 52. Rh8+ Kf7 53. Nd6+
Kg7 0-1

[Event "Global Chess League 2023"]
[Site "Dubai UAE"]
[Date "2023.06.30"]
[Round "9.1"]
[White "Vachier-Lagrave, Maxime"]
[Black "Anand, Viswanathan"]
[Result "1/2-1/2"]
[WhiteTitle "GM"]
[BlackTitle "GM"]
[WhiteElo "2747"]
[BlackElo "2754"]
[WhiteTeam "Upgrad mumba masters"]
[BlackTeam "Ganges grandmasters"]
[WhiteFideId "623539"]
[BlackFideId "5000017"]
[EventDate "2023.06.22"]

1. e4 c6 2. d4 d5 3. e5 c5 4. dxc5 e6 5. a3 Bxc5 6. b4 Be7 7. Nf3 a5 8. b5 a4 9.
c4 dxc4 10. Qxd8+ Bxd8 11. Bxc4 Nd7 12. O-O b6 13. Nbd2 Bb7 14. Be2 Ne7 15. Nc4
O-O 16. Rd1 Bd5 17. Ne3 Nc5 18. Bb2 Nb3 19. Nxd5 Nxd5 20. Rab1 Rc8 21. Nd4 Nc3
22. Bxc3 Rxc3 23. Nc6 Bg5 24. g3 Bc1 25. Rd3 Rxd3 26. Bxd3 Bxa3 27. Bc2 Nc5 28.
Bxa4 Nxa4 29. Ra1 Nc3 30. Rxa3 Nxb5 31. Ra6 Nc7 32. Ne7+ Kh8 33. Ra7 Nb5 34. Rb7
Nd4 35. Rxb6 Nf3+ 36. Kg2 Nxe5 37. Nc6 Nxc6 38. Rxc6 h5 39. h4 g6 40. Rc2 Kg7
41. Ra2 Rb8 42. Ra7 1/2-1/2

[Event "Global Chess League 2023"]
[Site "Dubai UAE"]
[Date "2023.06.30"]
[Round "9.2"]
[White "Grischuk, Alexander"]
[Black "Rapport, Richard"]
[Result "1/2-1/2"]
[WhiteTitle "GM"]
[BlackTitle "GM"]
[WhiteElo "2736"]
[BlackElo "2752"]
[WhiteTeam "Upgrad mumba masters"]
[BlackTeam "Ganges grandmasters"]
[WhiteFideId "4126025"]
[BlackFideId "738590"]
[EventDate "2023.06.22"]

1. e4 c5 2. Nf3 Nc6 3. Bb5 e6 4. Bxc6 bxc6 5. d3 Qc7 6. O-O Ne7 7. h4 e5 8. h5
d6 9. Nh2 h6 10. f4 exf4 11. Bxf4 g5 12. Bg3 Bg7 13. Nd2 Be6 14. Nc4 O-O-O 15.
Qe1 Rhe8 16. e5 dxe5 17. Bxe5 Bxe5 18. Qxe5 Qxe5 19. Nxe5 f5 20. Rae1 Kc7 21.
Rf2 Nd5 22. g3 f4 23. Nf1 Bh3 24. c4 Ne3 25. Nxe3 Rxe5 26. gxf4 gxf4 27. Rxf4
Rxd3 28. Kf2 Rd2+ 29. Re2 Rxe2+ 30. Kxe2 Rxh5 31. Rf7+ Kb6 32. Rf6 Bd7 33. Nd5+
Ka5 34. Nc3 Re5+ 35. Kd2 Re6 36. Rf7 Rd6+ 37. Ke3 Rd4 38. b3 Kb4 39. Ne4 h5 40.
a3+ Kxb3 41. Nxc5+ Kxc4 42. Nxd7 Rd3+ 43. Ke4 Rxa3 44. Ne5+ Kc5 45. Rf6 Ra4+ 46.
Ke3 Ra3+ 47. Ke4 Ra4+ 48. Ke3 Ra3+ 1/2-1/2

[Event "Global Chess League 2023"]
[Site "Dubai UAE"]
[Date "2023.06.30"]
[Round "9.3"]
[White "Vidit, Santosh Gujrathi"]
[Black "Dominguez Perez, Leinier"]
[Result "1/2-1/2"]
[WhiteTitle "GM"]
[BlackTitle "GM"]
[WhiteElo "2712"]
[BlackElo "2739"]
[WhiteTeam "Upgrad mumba masters"]
[BlackTeam "Ganges grandmasters"]
[WhiteFideId "5029465"]
[BlackFideId "3503240"]
[EventDate "2023.06.22"]

1. e4 e5 2. Nf3 Nc6 3. Bb5 Nf6 4. O-O Nxe4 5. d4 Nd6 6. dxe5 Nxb5 7. a4 Nbd4 8.
Nxd4 d5 9. c3 Be7 10. f4 O-O 11. Be3 f6 12. Nxc6 bxc6 13. Nd2 fxe5 14. fxe5 Qe8
15. b4 Bf5 16. Nb3 Bd6 17. Nd4 Bd7 18. Nf3 Be7 19. h3 Qg6 20. Kh2 Bf5 21. Nd4
Bh4 22. Nxf5 Rxf5 23. Rxf5 Bg3+ 24. Kg1 Qxf5 25. Bd4 Bxe5 26. Qd2 Bd6 27. a5 a6
28. Qe3 Rf8 29. Re1 h5 30. Bc5 Rf6 31. Bxd6 cxd6 32. Qb6 Kh7 33. Kh1 Qf2 34. Rg1
Qxb6 35. axb6 Rf7 36. Ra1 c5 37. bxc5 dxc5 38. Rxa6 d4 39. cxd4 cxd4 40. Ra1 d3
41. Kg1 d2 42. Rd1 Rb7 43. Rxd2 Rxb6 1/2-1/2

[Event "Global Chess League 2023"]
[Site "Dubai UAE"]
[Date "2023.06.30"]
[Round "9.4"]
[White "Koneru, Humpy"]
[Black "Hou, Yifan"]
[Result "1-0"]
[WhiteTitle "GM"]
[BlackTitle "GM"]
[WhiteElo "2567"]
[BlackElo "2628"]
[WhiteTeam "Upgrad mumba masters"]
[BlackTeam "Ganges grandmasters"]
[WhiteFideId "5008123"]
[BlackFideId "8602980"]
[EventDate "2023.06.22"]

1. Nf3 c5 2. c4 b6 3. b3 Bb7 4. Bb2 d6 5. e3 Nf6 6. Be2 e6 7. O-O Be7 8. d4 O-O
9. Nc3 cxd4 10. Nxd4 Nbd7 11. Bf3 Bxf3 12. Qxf3 Ne5 13. Qe2 Qc7 14. Rfd1 a6 15.
Rac1 Rfd8 16. h3 Rac8 17. f4 Nc6 18. Nf3 Qb7 19. e4 Nh5 20. f5 exf5 21. exf5 Re8
22. Qf2 d5 23. Nxd5 Bc5 24. Nd4 Re4 25. b4 Nxb4 26. Qf3 Ng3 27. Qxg3 Nxd5 28.
cxd5 Qxd5 29. Kh1 Qxa2 30. Ba1 g6 31. fxg6 hxg6 32. Nf5 Rce8 33. Qc3 R4e5 34.
Nh6+ Kf8 35. Ng4 Re4 36. Qg7+ Ke7 37. Qf6+ Kf8 38. Qg7+ Ke7 39. Nf6 Re2 40. Rd7+
Ke6 41. Qxf7+ Kf5 42. Nd5+ 1-0

[Event "Global Chess League 2023"]
[Site "Dubai UAE"]
[Date "2023.06.30"]
[Round "9.5"]
[White "Dronavalli, Harika"]
[Black "Khotenashvili, Bella"]
[Result "1/2-1/2"]
[WhiteTitle "GM"]
[BlackTitle "GM"]
[WhiteElo "2510"]
[BlackElo "2470"]
[WhiteTeam "Upgrad mumba masters"]
[BlackTeam "Ganges grandmasters"]
[WhiteFideId "5015197"]
[BlackFideId "13602640"]
[EventDate "2023.06.22"]

1. c4 Nf6 2. Nc3 d5 3. cxd5 Nxd5 4. g3 c5 5. Bg2 Nc7 6. d3 e5 7. a3 Nd7 8. Nf3
Be7 9. O-O O-O 10. Be3 b6 11. Rb1 a5 12. Nd2 Rb8 13. f4 Bb7 14. Nc4 Bxg2 15.
Kxg2 exf4 16. Bxf4 Nf6 17. e4 Qd7 18. Ne3 Rfd8 19. Qf3 Rbc8 20. Bxc7 Qxc7 21.
Ncd5 Qb7 22. a4 Kh8 23. b3 Nxd5 24. Nxd5 f6 25. h4 Bd6 26. h5 Be5 27. Rh1 h6 28.
Rh4 Rd6 29. Qf5 Rcd8 30. Qf3 Rxd5 31. exd5 Rxd5 32. Rd1 Qd7 33. Re4 Qd6 34. Rg4
Qd7 35. Re4 Qd6 36. Rg4 Qd7 37. Re4 Kg8 38. g4 Qd6 39. Re2 Rd4 40. Re4 Rd5 41.
Re2 Qe6 42. Re4 Qf7 43. Rde1 Rd8 44. Rc4 Qd7 45. Re3 Qf7 46. Kh3 Rd5 47. Rce4
Rd4 48. Rxd4 cxd4 49. Re2 Qxb3 50. Qa8+ Kh7 51. Qe4+ Kg8 52. Qa8+ Kf7 53. Qb7+
Ke6 54. Qc6+ Ke7 55. Qc7+ Kf8 56. Qc8+ Kf7 57. Qd7+ Kg8 58. Qe8+ Kh7 59. Qg6+
Kh8 60. Qe8+ Kh7 61. Qg6+ 1/2-1/2

[Event "Global Chess League 2023"]
[Site "Dubai UAE"]
[Date "2023.06.30"]
[Round "9.6"]
[White "Sindarov, Javokhir"]
[Black "Esipenko, Andrey"]
[Result "1-0"]
[WhiteTitle "GM"]
[BlackTitle "GM"]
[WhiteElo "2646"]
[BlackElo "2682"]
[WhiteTeam "Upgrad mumba masters"]
[BlackTeam "Ganges grandmasters"]
[WhiteFideId "14205483"]
[BlackFideId "24175439"]
[EventDate "2023.06.22"]

1. e4 e5 2. Nf3 Nc6 3. Bc4 Nf6 4. d3 Bc5 5. Nc3 h6 6. O-O O-O 7. Be3 Bb6 8. Nd5
d6 9. Nxb6 axb6 10. a4 d5 11. exd5 Nxd5 12. Bd2 Bg4 13. h3 Bh5 14. Re1 f5 15. b4
Kh8 16. b5 Nd4 17. Rxe5 Ne7 18. Re3 Ng6 19. Bc3 Nxf3+ 20. Rxf3 f4 21. g4 fxg3
22. Qd2 gxf2+ 23. Rxf2 Rxf2 24. Qxh6# 1-0

[Event "Global Chess League 2023"]
[Site "Dubai UAE"]
[Date "2023.06.30"]
[Round "9.1"]
[White "Aronian, Levon"]
[Black "Nepomniachtchi, Ian"]
[Result "1-0"]
[WhiteTitle "GM"]
[BlackTitle "GM"]
[WhiteElo "2742"]
[BlackElo "2779"]
[WhiteTeam "Triveni Continental Kings"]
[BlackTeam "Balan Alaskan knights"]
[WhiteFideId "13300474"]
[BlackFideId "4168119"]
[EventDate "2023.06.22"]

1. d4 Nf6 2. c4 e6 3. Nf3 d5 4. Bg5 dxc4 5. e4 c5 6. Nc3 cxd4 7. Qxd4 Qxd4 8.
Nxd4 a6 9. Bxc4 b5 10. Be2 Bb7 11. f3 Nbd7 12. Nb3 Rc8 13. a4 bxa4 14. Nxa4 Rb8
15. Na5 Bb4+ 16. Bd2 Bxa5 17. Bxa5 Bc6 18. Bc3 Bb5 19. Kf2 O-O 20. Rhd1 Rfc8 21.
Rd2 Kf8 22. Bd4 Bxe2 23. Kxe2 Rc6 24. Nc3 Ne8 25. Rad1 Nb6 26. Rc2 Rbc8 27. Ra1
Nd7 28. Rd2 Nd6 29. Na4 Nc4 30. Rc2 Nd6 31. Rxc6 Rxc6 32. Nc3 h5 33. Ra4 f6 34.
Be3 Kf7 35. Rb4 g5 36. Kd1 Ne5 37. Rd4 g4 38. f4 Nec4 39. Bc1 e5 40. fxe5 fxe5
41. Rd3 Ke6 42. h3 Rc8 43. hxg4 hxg4 44. Rg3 Rg8 45. Ke2 Na5 46. Be3 Nb3 47. Kd3
Na5 48. Bc5 Ndb7 49. Bb6 Nc6 50. Nd5 Nd6 51. Nc7+ Kf6 52. Nxa6 Kg5 53. Be3+ Kh4
54. Bf2 Kg5 55. Nc5 Rb8 56. Kc2 Nb5 57. Kc1 Nbd4 58. Ra3 Rb5 59. Nd3 Ne2+ 60.
Kd1 Nf4 61. Be3 g3 62. Rc3 Nb4 63. Rb3 Nxd3 64. Rxb5 Kg4 65. Kd2 Nf2 66. Rxe5
Nxg2 67. Bxf2 gxf2 68. Ke2 Nf4+ 69. Kf1 Nd3 70. Rf5 Nxb2 71. Kxf2 Nc4 72. Rf8
Kg5 73. Ke2 Kg6 74. Kd3 Ne5+ 75. Kd4 1-0

[Event "Global Chess League 2023"]
[Site "Dubai UAE"]
[Date "2023.06.30"]
[Round "9.2"]
[White "Yu, Yangyi"]
[Black "Abdusattorov, Nodirbek"]
[Result "1/2-1/2"]
[WhiteTitle "GM"]
[BlackTitle "GM"]
[WhiteElo "2734"]
[BlackElo "2732"]
[WhiteTeam "Triveni Continental Kings"]
[BlackTeam "Balan Alaskan knights"]
[WhiteFideId "8603820"]
[BlackFideId "14204118"]
[EventDate "2023.06.22"]

1. d4 d5 2. Nf3 Nf6 3. c4 dxc4 4. e3 e6 5. Bxc4 c5 6. O-O a6 7. dxc5 Bxc5 8.
Qxd8+ Kxd8 9. Be2 Ke7 10. Nc3 Rd8 11. Nd2 Nc6 12. Nde4 Bb4 13. a3 Bxc3 14. Nxc3
Na5 15. b4 Nb3 16. Rb1 Nxc1 17. Rfxc1 Bd7 18. Bf3 Rab8 19. Kf1 g5 20. Ke1 h5 21.
Rd1 Rdc8 22. Rbc1 g4 23. Be2 Bc6 24. f3 Rg8 25. Kf2 h4 26. e4 gxf3 27. gxf3 Nh5
28. a4 Rbc8 29. Bf1 Bd7 30. b5 axb5 31. Nxb5 Rxc1 32. Rxc1 Ra8 33. Rc5 Nf4 34.
Ke3 Ng6 35. Nc3 b6 36. Rc4 Ne5 37. Rb4 Rc8 38. Rb3 Ra8 39. Rxb6 Bxa4 40. Ra6
Rxa6 41. Bxa6 Bc6 42. Be2 1/2-1/2

[Event "Global Chess League 2023"]
[Site "Dubai UAE"]
[Date "2023.06.30"]
[Round "9.4"]
[White "Lagno, Kateryna"]
[Black "Tan, Zhongyi"]
[Result "0-1"]
[WhiteTitle "GM"]
[BlackTitle "GM"]
[WhiteElo "2552"]
[BlackElo "2523"]
[WhiteTeam "Triveni Continental Kings"]
[BlackTeam "Balan Alaskan knights"]
[WhiteFideId "14109336"]
[BlackFideId "8603642"]
[EventDate "2023.06.22"]

1. e4 e5 2. Nf3 Nf6 3. Nxe5 d6 4. Nf3 Nxe4 5. d4 d5 6. Bd3 Bd6 7. O-O O-O 8. c4
c6 9. Re1 Bf5 10. Qb3 Qd7 11. Be3 Na6 12. cxd5 cxd5 13. a3 Nc7 14. Qc2 Bg6 15.
Ne5 Bxe5 16. dxe5 Ne6 17. f3 Rac8 18. Qe2 N4c5 19. Bxg6 hxg6 20. Nc3 d4 21. Rad1
Rfd8 22. Bf2 Nf4 23. Qf1 Ncd3 24. Ne2 Nxe1 25. Nxf4 Nc2 26. e6 fxe6 27. Qd3 g5
28. Ng6 Qf7 29. Qe4 Rc7 30. Bg3 Rc5 31. b4 Rc3 32. h4 Ne3 33. Re1 Nf5 34. Ne5
Nxg3 35. Nxf7 Nxe4 36. Nxd8 d3 37. Rxe4 d2 38. Rd4 Rc1+ 39. Kh2 d1=Q 40. Rxd1
Rxd1 41. Nxb7 gxh4 42. Kh3 Ra1 43. Kxh4 Rxa3 44. Nc5 Kf7 45. Kg5 Ra2 46. g4 a5
47. Nd3 a4 48. b5 Ra1 49. b6 Rb1 50. Ne5+ Kg8 51. Nc4 Rb4 0-1

[Event "Global Chess League 2023"]
[Site "Dubai UAE"]
[Date "2023.06.30"]
[Round "9.5"]
[White "Khademalsharieh, Sarasadat"]
[Black "Batsiashvili, Nino"]
[Result "1-0"]
[WhiteTitle "IM"]
[BlackTitle "GM"]
[WhiteElo "2488"]
[BlackElo "2470"]
[WhiteTeam "Triveni Continental Kings"]
[BlackTeam "Balan Alaskan knights"]
[WhiteFideId "12512214"]
[BlackFideId "13602993"]
[EventDate "2023.06.22"]

1. d4 Nf6 2. c4 e6 3. Nf3 d5 4. Nc3 Bb4 5. e3 O-O 6. Bd2 b6 7. cxd5 exd5 8. Bd3
Bb7 9. O-O Be7 10. Ne5 c5 11. f4 Nc6 12. Ne2 Ne4 13. Be1 f6 14. Nxc6 Bxc6 15. f5
Bd6 16. Bxe4 dxe4 17. Qb3+ Rf7 18. dxc5 Bd5 19. Qa3 Bxc5 20. Bb4 Bc4 21. Rfd1
Qc8 22. Ng3 Bd3 23. Bxc5 Qxc5 24. Qxc5 bxc5 25. b3 Rc7 26. Rac1 Rac8 27. Rc3 Kf7
28. Rdc1 Ke7 29. Nh5 Kd6 30. Nf4 c4 31. bxc4 Rxc4 32. Rxc4 Rxc4 33. Nxd3 Ra4 34.
Nc5 Rxa2 35. Nxe4+ Ke5 36. Nc3 Ra3 37. g4 h5 38. h3 a5 39. Kf2 hxg4 40. hxg4 Rb3
41. Kf3 Ra3 42. Nb5 1-0

[Event "Global Chess League 2023"]
[Site "Dubai UAE"]
[Date "2023.06.30"]
[Round "9.6"]
[White "Bjerre, Jonas Buhl"]
[Black "Sadhwani, Raunak"]
[Result "0-1"]
[WhiteTitle "GM"]
[BlackTitle "GM"]
[WhiteElo "2624"]
[BlackElo "2603"]
[WhiteTeam "Triveni Continental Kings"]
[BlackTeam "Balan Alaskan knights"]
[WhiteFideId "1444948"]
[BlackFideId "35093487"]
[EventDate "2023.06.22"]

1. e4 c5 2. Nf3 Nc6 3. d4 cxd4 4. Nxd4 Nf6 5. Nc3 d6 6. f3 e5 7. Nb3 Be7 8. Be3
O-O 9. Qd2 Be6 10. O-O-O a5 11. Bb5 Na7 12. Bxa7 Rxa7 13. Kb1 Ra8 14. a4 Qc7 15.
Qe2 Rac8 16. Rd3 Rfd8 17. Rhd1 Bf8 18. g4 Qb6 19. Nd5 Nxd5 20. exd5 Bd7 21. Bxd7
Rxd7 22. Nd2 Rdc7 23. Rc1 Be7 24. Ne4 Rc4 25. Ra3 Qd8 26. c3 Qb6 27. Re1 g6 28.
g5 Qd8 29. Rg1 Qd7 30. Rg4 R4c7 31. Rb3 Kh8 32. Rb5 h5 33. Rg1 Rc4 34. Qd1 Ra8
35. Qb3 Rc7 36. c4 Rac8 37. c5 Kg7 38. Rd1 Bf8 39. Rb6 Qf5 40. cxd6 Rd7 41. Ka2
Rcd8 42. Qa3 Qf4 43. h3 Qh2 44. Rc1 Qxh3 45. Rc7 h4 46. Rbxb7 Qf5 47. Nf6 Rxc7
48. dxc7 Rc8 49. d6 Qe6+ 50. Qb3 Qxb3+ 51. Rxb3 Bxd6 52. Rc3 Be7 53. Nd5 Bd6 54.
Rc4 h3 55. Rh4 Bxc7 56. Rxh3 Bd8 57. Rg3 e4 58. fxe4 Rc4 59. Nc3 Bc7 60. Rd3 Kf8
61. Rd5 Ke7 62. Kb3 Rb4+ 63. Kc2 Ke6 64. Rc5 Bd8 65. b3 Rd4 66. Rc6+ Rd6 67. Rc5
Rd7 68. Nb5 Be7 69. Rc6+ Ke5 70. Nc3 Ra7 71. Nb5 Ra8 72. Kd3 Bxg5 73. Rc5+ Kf4
74. Nc7 Ra7 75. Nd5+ Kf3 76. e5 Bf4 77. Kd4 Bd2 78. Rc6 g5 79. Rf6+ Bf4 80. Nxf4
gxf4 81. Kc5 Ke4 82. e6 fxe6 83. Rxe6+ Kf5 84. Re8 Rb7 85. Kc4 f3 86. Kc3 Kf4
87. Rf8+ Kg3 88. Rg8+ Kh2 89. Rf8 Kg2 90. Rg8+ Kf1 91. Rg5 f2 92. Rf5 Ke2 93.
Re5+ Kf3 94. Rf5+ Ke3 95. Rf8 Rb4 96. Re8+ Kf3 97. Rf8+ Rf4 0-1